[Event "Belgrade-chT Premier"]
[Site "Belgrade"]
[Date "2023.10.01"]
[Round "4.5"]
[White "Damjanovic, Vladimir"]
[Black "Petrovic, Igor R"]
[Result "1-0"]
[WhiteElo "2384"]
[BlackElo "2052"]
[PlyCount "71"]
[EventDate "2023.09.29"]
[EventType "team-tourn"]
[EventRounds "11"]
[EventCountry "SRB"]
[SourceTitle "CBM 216 Extra"]
[Source "ChessBase"]
[SourceDate "2023.11.30"]
[SourceVersion "1"]
[SourceVersionDate "2023.11.30"]
[SourceQuality "1"]
[WhiteTeam "Belgrade Itaka"]
[BlackTeam "Grocka Pobednik"]
[WhiteTeamCountry "SRB"]
[BlackTeamCountry "SRB"]

1. d4 d5 2. Nc3 Nf6 3. Bf4 Bf5 4. e3 Nc6 5. Bb5 e6 6. Nf3 Bd6 7. Ne5 Bxe5 8. Bxe5 0-0 9. Bg3 Nb4 10. Rc1 a6 11. Be2 b5 12. 0-0 Re8 13. Qd2 Nc6 14. Bd3 Nh5 15. Ne2 Nxg3 16. Nxg3 Bg6 17. f4 Qe7 18. a3 Nb8 19. f5 exf5 20. Nxf5 Bxf5 21. Rxf5 c6 22. Re5 Qd8 23. Rxe8+ Qxe8 24. Re1 Qd8 25. e4 Nd7 26. c3 Nf8 27. exd5 Qxd5 28. Be4 Qd6 29. Qf2 Rc8 30. b4 Rc7 31. Qg3 Qxg3 32. hxg3 g6 33. Kf2 Nd7 34. Bc2 Kf8 35. a4 Nf6 36. Ra1 1-0

[Event "Belgrade Premier League"]
[Site "Belgrade"]
[Date "2021.10.06"]
[Round "5.4"]
[White "Milentijevic, Vojislav"]
[Black "Petrovic, Igor R"]
[Result "0-1"]
[WhiteElo "1973"]
[BlackElo "2095"]
[PlyCount "100"]
[EventDate "2021.10.01"]
[EventType "team-tourn"]
[EventRounds "11"]
[EventCountry "SRB"]
[SourceTitle "CBM 204 Extra"]
[Source "ChessBase"]
[SourceDate "2021.11.30"]
[SourceVersion "1"]
[SourceVersionDate "2021.11.30"]
[SourceQuality "1"]
[WhiteTeam "Belgrade Tehnicka Skola"]
[BlackTeam "Grocka"]
[WhiteTeamCountry "SRB"]
[BlackTeamCountry "SRB"]

1. e4 e5 2. Bc4 Nc6 3. Nf3 Bc5 4. 0-0 Nf6 5. d4 Bxd4 6. Nxd4 Nxd4 7. Bg5 Qe7 8. Na3 h6 9. Bxf6 Qxf6 10. f4 0-0 11. c3 Ne6 12. fxe5 Qxe5 13. Qd5 Qg5 14. Rae1 c6 15. Qd6 Qc5+ 16. Qxc5 Nxc5 17. b4 Na4 18. Rf3 Nb6 19. e5 d5 20. exd6 Nxc4 21. Nxc4 Be6 22. Na5 Rad8 23. Rd3 Rd7 24. Rd4 Rc8 25. Nb3 b6 26. Red1 c5 27. bxc5 Bxb3 28. axb3 Rxc5 29. c4 a5 30. Kf2 f6 31. g4 Kf7 32. Kf3 Ke6 33. Re1+ Re5 34. Red1 f5 35. h3 fxg4+ 36. hxg4 Rf7+ 37. Rf4 Rxf4+ 38. Kxf4 g5+ 39. Kf3 Kd7 40. Rd3 Re6 41. Rd5 Rxd6 42. Rb5 Kc6 43. Ke4 Rf6 44. Re5 Rf4+ 45. Kd3 Rxg4 46. Re6+ Kc5 47. Rxh6 Rg3+ 48. Kc2 b5 49. cxb5 Kb4 50. b6 Rc3+ 0-1

[Event "Belgrade-chT"]
[Site "Belgrade"]
[Date "2019.10.01"]
[Round "8.4"]
[White "Milicevic, Matija"]
[Black "Petrovic, Igor R"]
[Result "0-1"]
[WhiteElo "2011"]
[BlackElo "2152"]
[PlyCount "86"]
[EventDate "2019.09.23"]
[EventType "team-tourn"]
[EventRounds "11"]
[EventCountry "SRB"]
[SourceTitle "EXT 2020"]
[Source "ChessBase"]
[SourceDate "2019.10.17"]
[SourceVersion "1"]
[SourceVersionDate "2019.10.17"]
[SourceQuality "1"]
[WhiteTeam "MZ Cirilo i Metodije"]
[BlackTeam "Grocka"]
[WhiteTeamCountry "SRB"]
[BlackTeamCountry "SRB"]

1. c4 Nf6 2. Nf3 e6 3. g3 d5 4. d4 c6 5. Bg2 Nbd7 6. cxd5 exd5 7. 0-0 Be7 8. Nc3 0-0 9. h3 Bd6 10. Qc2 Qc7 11. Bg5 h6 12. Bd2 Re8 13. a3 Ne4 14. Nxe4 Rxe4 15. Bc3 Nf6 16. Ne5 Bf5 17. Bxe4 Nxe4 18. g4 Bh7 19. Qd1 Qe7 20. Kg2 f6 21. Nd3 Re8 22. Bb4 c5 23. dxc5 Bb8 24. Be1 Ng5 25. f3 Qc7 26. Rh1 Ne6 27. Bf2 Bxd3 28. exd3 d4 29. Rc1 Nf4+ 30. Kf1 Qd7 31. Qb3+ Kh8 32. Re1 Rc8 33. Qc4 Be5 34. Re4 b5 35. Qc2 a5 36. Bxd4 Bxd4 37. Rxf4 Rxc5 38. Qb3 a4 39. Qb4 Rc1+ 40. Kg2 Rc2+ 41. Kf1 Be5 42. Re4 Qxd3+ 43. Kg1 Qxf3 0-1

[Event "Belgrade-chTB Quality"]
[Site "Belgrade"]
[Date "2018.10.21"]
[Round "8.3"]
[White "Petrovic, Igor R"]
[Black "Djerfi, Karolj"]
[Result "1-0"]
[WhiteElo "2155"]
[BlackElo "2265"]
[PlyCount "139"]
[EventDate "2018.09.29"]
[EventType "team-tourn"]
[EventRounds "11"]
[EventCountry "SRB"]
[SourceTitle "CBM 187 Extra"]
[Source "ChessBase"]
[SourceDate "2018.11.04"]
[SourceVersion "1"]
[SourceVersionDate "2018.11.04"]
[SourceQuality "1"]
[WhiteTeam "Belgrade Polet"]
[BlackTeam "Belgrade Lasta"]
[WhiteTeamCountry "SRB"]
[BlackTeamCountry "SRB"]

1. e4 c5 2. Nf3 e6 3. d4 cxd4 4. Nxd4 a6 5. Nc3 b5 6. Bd3 Qb6 7. Nf3 Qc7 8. 0-0 d6 9. Bf4 Nd7 10. Re1 Ne5 11. Bg3 Nf6 12. Nxe5 dxe5 13. Nd5 exd5 14. Bxe5 Qb6 15. exd5 Kd8 16. d6 Ng4 17. Qf3 Nxe5 18. Qxa8 Bxd6 19. Rxe5 Bxe5 20. Rd1 Bd6 21. Be4 Re8 22. Bf3 Kc7 23. c4 Bd7 24. Qd5 Be6 25. c5 Bxc5 26. Qe5+ Bd6 27. Qxg7 Kb8 28. g3 Rc8 29. Qxh7 Bc5 30. Rd2 Rd8 31. Rc2 b4 32. Qh4 Rc8 33. Qe4 f5 34. Qe5+ Ka7 35. b3 Qd6 36. Rxc5 Qxc5 37. Qxe6 Qc1+ 38. Kg2 Qc5 39. Qd7+ Rc7 40. Qd3 Qe5 41. Qd8 Kb6 42. Qb8+ Kc5 43. Qa8 Kd4 44. Qxa6 Kc3 45. a3 Kxb3 46. Bd1+ Kc3 47. axb4 Kxb4 48. Qb6+ Kc3 49. Qb3+ Kd2 50. Bf3 Rc2 51. Qb4+ Kc1 52. Qa3+ Kd2 53. Qb4+ Kc1 54. Qa4 Kd2 55. Qd7+ Kc3 56. Qf7 Qc5 57. Qg7+ Kb3 58. Qb7+ Kc3 59. Qg7+ Kb3 60. Qb7+ Ka3 61. Qa6+ Kb2 62. Qf1 Qb6 63. h4 Qc5 64. h5 Qb6 65. Qe1 Ka3 66. Qa1+ Kb3 67. Bd5+ Kb4 68. Qb1+ Kc5 69. Qxc2+ Kxd5 70. Qxf5+ 1-0

[Event "Belgrade-chT"]
[Site "Belgrade"]
[Date "2017.10.01"]
[Round "1.5"]
[White "Bojanic, Denis"]
[Black "Petrovic, Igor R"]
[Result "0-1"]
[WhiteElo "1989"]
[BlackElo "2126"]
[PlyCount "59"]
[EventDate "2017.10.01"]
[EventType "team-tourn"]
[EventRounds "11"]
[EventCountry "SRB"]
[SourceTitle "CBM 181 Extra"]
[Source "ChessBase"]
[SourceDate "2017.12.12"]
[SourceVersion "1"]
[SourceVersionDate "2017.12.12"]
[SourceQuality "1"]
[WhiteTeam "Vidikovac"]
[BlackTeam "GSP Polet"]
[WhiteTeamCountry "SRB"]
[BlackTeamCountry "SRB"]

1. e4 e5 2. Nf3 Nc6 3. Bc4 Bc5 4. 0-0 Nf6 5. d3 d6 6. c3 0-0 7. Bb3 Bg4 8. Bg5 h6 9. Bh4 g5 10. Bg3 Nh5 11. Kh1 Qf6 12. h3 Bxf3 13. Qxf3 Qxf3 14. gxf3 Ne7 15. Nd2 Ng6 16. Kh2 Nhf4 17. Bc2 c6 18. b4 Bb6 19. Nc4 Bc7 20. Ne3 Ne2 21. Nd1 d5 22. Re1 Ngf4 23. Bxf4 Nxf4 24. Nb2 f5 25. Rac1 Rf6 26. c4 Raf8 27. cxd5 fxe4 28. dxc6 exd3 29. Bb3+ Kh8 30. Rxe5 0-1

[Event "Belgrade-chT"]
[Site "Belgrade"]
[Date "2014.09.25"]
[Round "6.6"]
[White "Petrovic, Igor R"]
[Black "Kalinic, Dusan"]
[Result "0-1"]
[WhiteElo "2086"]
[BlackElo "2083"]
[PlyCount "104"]
[EventDate "2014.09.20"]
[EventType "team-tourn"]
[EventRounds "11"]
[EventCountry "SRB"]
[SourceTitle "CBM 162 Extra"]
[Source "ChessBase"]
[SourceDate "2014.10.17"]
[SourceVersion "1"]
[SourceVersionDate "2014.10.17"]
[SourceQuality "1"]
[WhiteTeam "GSP Polet"]
[BlackTeam "Delfin"]
[WhiteTeamCountry "SRB"]
[BlackTeamCountry "SRB"]

1. e4 c5 2. Nf3 Nc6 3. d4 cxd4 4. Nxd4 g6 5. c4 Nf6 6. Nc3 d6 7. Be2 Nxd4 8. Qxd4 Bg7 9. Bg5 0-0 10. Qd2 Qa5 11. 0-0 Be6 12. Bh6 Rfc8 13. Bxg7 Kxg7 14. Qd4 Qc5 15. Qxc5 Rxc5 16. b3 Rac8 17. f3 a6 18. a4 Nd7 19. f4 Nf6 20. h3 Bd7 21. a5 e5 22. g4 exf4 23. Rxf4 Be6 24. b4 Rxc4 25. Bxc4 Rxc4 26. Raf1 Nxg4 27. hxg4 Rxc3 28. R1f3 Rc4 29. e5 Rxf4 30. Rxf4 dxe5 31. Re4 f6 32. g5 Bd5 33. Re3 e4 34. gxf6+ Kxf6 35. Rc3 h5 36. Rc7 Kf5 37. Rd7 Bc6 38. Rc7 Kg4 39. b5 Bxb5 40. Rxb7 Bd3 41. Kf2 g5 42. Kg2 h4 43. Re7 Kf4 44. Kh3 Bf1+ 45. Kh2 Bc4 46. Rc7 Bd3 47. Kh3 e3 48. Kg2 Be4+ 49. Kf1 Bf3 50. Rf7+ Kg4 51. Rf6 h3 52. Kg1 Kg3 0-1

[Event "Belgrade-chT"]
[Site "Belgrade"]
[Date "2013.10.14"]
[Round "3.6"]
[White "Petrovic, Igor R"]
[Black "Katanic Vujic, Petar"]
[Result "0-1"]
[WhiteElo "2095"]
[BlackElo "2326"]
[PlyCount "65"]
[EventDate "2013.10.12"]
[EventType "team-tourn"]
[EventRounds "11"]
[EventCountry "SRB"]
[SourceTitle "EXT 2014"]
[Source "ChessBase"]
[SourceDate "2013.11.20"]
[SourceVersion "1"]
[SourceVersionDate "2013.11.20"]
[SourceQuality "1"]
[WhiteTeam "GSP Polet"]
[BlackTeam "Belgrade Vodovod"]
[WhiteTeamCountry "SRB"]
[BlackTeamCountry "SRB"]

1. e4 e6 2. d4 d5 3. e5 c5 4. c3 Qb6 5. Bd3 Bd7 6. dxc5 Bxc5 7. Qe2 a5 8. Nf3 Nc6 9. 0-0 Nge7 10. a4 Ng6 11. Na3 f6 12. Bxg6+ hxg6 13. Qd3 Kf7 14. Bf4 g5 15. Be3 g4 16. Bxc5 Qxc5 17. Nd4 Nxe5 18. Qe3 Rac8 19. Ndb5 Bxb5 20. Qxc5 Rxc5 21. Nxb5 Rd8 22. b4 axb4 23. cxb4 Rc4 24. Rfc1 Rxb4 25. Rcb1 Rxb1+ 26. Rxb1 Nc4 27. Rb4 b6 28. Kf1 f5 29. Ke2 Rh8 30. g3 Rxh2 31. Nc7 f4 32. gxf4 g3 33. Kf1 0-1

[Event "Belgrade-chT"]
[Site "Belgrade"]
[Date "2012.10.10"]
[Round "9.2"]
[White "Peovic, Milos"]
[Black "Petrovic, Igor R"]
[Result "1-0"]
[WhiteElo "2268"]
[BlackElo "2066"]
[PlyCount "85"]
[EventDate "2012.10.01"]
[EventType "team-tourn"]
[EventRounds "11"]
[EventCountry "SRB"]
[SourceTitle "CBM 150 Extra"]
[Source "ChessBase"]
[SourceDate "2012.10.19"]
[SourceVersion "1"]
[SourceVersionDate "2012.10.19"]
[SourceQuality "1"]
[WhiteTeam "Belgrade Sigurnost"]
[BlackTeam "Belgrade Polet"]
[WhiteTeamCountry "SRB"]
[BlackTeamCountry "SRB"]

1. e4 e5 2. Nf3 Nc6 3. Bb5 a6 4. Ba4 Nf6 5. d3 b5 6. Bb3 Bb7 7. Ng5 d5 8. exd5 Nd4 9. c4 c6 10. dxc6 Bxc6 11. 0-0 h6 12. Ne4 Nxe4 13. dxe4 Nxb3 14. axb3 Bxe4 15. Nc3 Bc6 16. Qe2 Bd6 17. Rd1 Qb8 18. cxb5 axb5 19. Rxa8 Bxa8 20. Qg4 Ke7 21. f4 b4 22. fxe5 Bc5+ 23. Kh1 bxc3 24. Qd7+ Kf8 25. Qd8+ Qxd8 26. Rxd8+ Ke7 27. Rxh8 Bd5 28. bxc3 Bxb3 29. Rc8 Bf2 30. Rc6 Bd5 31. Ba3+ Ke8 32. Rd6 Be6 33. Rd1 h5 34. Bc1 f6 35. exf6 gxf6 36. Bf4 h4 37. Rd2 Bc5 38. h3 Bc4 39. Rb2 Kf7 40. Rb7+ Ke6 41. Rc7 Kd5 42. Kh2 Bf2 43. Re7 1-0

[Event "Belgrade-chT"]
[Site "Belgrade"]
[Date "2012.10.07"]
[Round "6.2"]
[White "Petrovic, Igor R"]
[Black "Sergijevic, Zoran"]
[Result "1/2-1/2"]
[WhiteElo "2066"]
[BlackElo "2093"]
[PlyCount "87"]
[EventDate "2012.10.01"]
[EventType "team-tourn"]
[EventRounds "11"]
[EventCountry "SRB"]
[SourceTitle "CBM 150 Extra"]
[Source "ChessBase"]
[SourceDate "2012.10.19"]
[SourceVersion "1"]
[SourceVersionDate "2012.10.19"]
[SourceQuality "1"]
[WhiteTeam "Belgrade Polet"]
[BlackTeam "Belgrade EDB"]
[WhiteTeamCountry "SRB"]
[BlackTeamCountry "SRB"]

1. e4 d5 2. exd5 Nf6 3. Bb5+ Bd7 4. Bc4 b5 5. Bb3 Bg4 6. f3 Bc8 7. Nc3 a6 8. Nge2 Bb7 9. Nf4 Nbd7 10. a4 b4 11. Ne4 g6 12. c4 bxc3 13. dxc3 Bg7 14. Be3 0-0 15. Qd2 Rb8 16. 0-0 Bc8 17. Ba2 Ne5 18. Bd4 Nfd7 19. a5 c5 20. dxc6 Nxc6 21. Bxg7 Kxg7 22. Bxf7 Nde5 23. Bd5 Rxf4 24. Qxf4 Qxd5 25. b4 Qf7 26. Qh4 h6 27. f4 Ng4 28. h3 Ne3 29. Rf3 Nf5 30. Qf2 Be6 31. g4 Nd6 32. Nc5 Bc4 33. Nd7 Rc8 34. Re1 Bd5 35. Rfe3 Re8 36. Ne5 Nxe5 37. Rxe5 e6 38. f5 gxf5 39. gxf5 Kh8 40. Rxe6 Rxe6 41. fxe6 Bxe6 42. Qg3 Nf5 43. Qf4 Qg6+ 44. Kh2 1/2-1/2

[Event "Belgrade tt Cup"]
[Site "Belgrade"]
[Date "2011.04.15"]
[Round "3"]
[White "Petrovic, Igor R"]
[Black "Dunjic, Dragan"]
[Result "1/2-1/2"]
[WhiteElo "2133"]
[BlackElo "2087"]
[PlyCount "80"]
[EventDate "2011.04.13"]
[EventType "team-tourn"]
[EventRounds "5"]
[EventCountry "SRB"]
[SourceTitle "CBM 141 Extra"]
[Source "ChessBase"]
[SourceDate "2011.05.03"]
[SourceVersion "1"]
[SourceVersionDate "2011.05.03"]
[SourceQuality "1"]

1. e4 c6 2. d4 d5 3. Nc3 dxe4 4. Nxe4 Nf6 5. Ng5 h6 6. N5f3 Bf5 7. Bd3 Bxd3 8. Qxd3 e6 9. Ne2 Nbd7 10. Bd2 Qc7 11. 0-0-0 0-0-0 12. Bf4 Bd6 13. Bxd6 Qxd6 14. Kb1 Ng4 15. Rhf1 f5 16. c4 Rhe8 17. h3 Ngf6 18. Nc3 Qb4 19. a3 Qa5 20. Qc2 Kb8 21. Rfe1 Qa6 22. d5 cxd5 23. cxd5 exd5 24. Nxd5 Nxd5 25. Rxd5 Rxe1+ 26. Nxe1 Qe6 27. Qd2 Re8 28. Nc2 Nf6 29. Qf4+ Ka8 30. Rxf5 Qe2 31. Ne3 a6 32. Qc7 Qd2 33. Ka2 Rd8 34. Qxg7 Ne4 35. Qc7 Rb8 36. Nd5 Qd3 37. Nb6+ Ka7 38. Rf7 Nd2 39. Nc8+ Ka8 40. Nb6+ Ka7 1/2-1/2